Histoire d'un crime déposition d'un témoin : quatrième journée : la victoire /
Elmentve itt :
| Szerző: | |
|---|---|
| Dokumentumtípus: | Cikk |
| Megjelent: |
1879
|
| Sorozat: | Kolligátum
|
| Kulcsszavak: | Francia irodalom - regény - részlet |
| Online Access: | http://misc.bibl.u-szeged.hu/25992 |
| LEADER | 00596nab a2200169 i 4500 | ||
|---|---|---|---|
| 001 | misc25992 | ||
| 005 | 20191111110709.0 | ||
| 008 | 170915s1879 hu o 0|| zxx d | ||
| 040 | |a SZTE Miscellanea Repozitórium |b hun | ||
| 041 | |a zxx | ||
| 100 | 1 | |a Hugo Victor | |
| 245 | 1 | 0 | |a Histoire d'un crime |h [elektronikus dokumentum] : |b déposition d'un témoin : quatrième journée : la victoire / |c Hugo Victor |
| 260 | |c 1879 | ||
| 300 | |a 214-436 | ||
| 490 | 0 | |a Kolligátum | |
| 695 | |a Francia irodalom - regény - részlet | ||
| 856 | 4 | 0 | |u http://misc.bibl.u-szeged.hu/25992/1/018_010_214-436.pdf |z Dokumentum-elérés |